<?xml version="1.0" encoding="UTF-8"?>
<record
    xmlns:xsi="http://www.w3.org/2001/XMLSchema-instance"
    xsi:schemaLocation="http://www.loc.gov/MARC21/slim http://www.loc.gov/standards/marcxml/schema/MARC21slim.xsd"
    xmlns="http://www.loc.gov/MARC21/slim">

  <leader>01096nam a2200193 a 4500</leader>
  <controlfield tag="001">17106</controlfield>
  <controlfield tag="003">CO-ViMGA</controlfield>
  <controlfield tag="008">141112s2004    ck      r     000 u spa d</controlfield>
  <datafield tag="020" ind1=" " ind2=" ">
    <subfield code="a">8489898804</subfield>
  </datafield>
  <datafield tag="040" ind1=" " ind2=" ">
    <subfield code="a">CO-ViMGA</subfield>
    <subfield code="b">spa</subfield>
    <subfield code="c">CO-ViMGA</subfield>
  </datafield>
  <datafield tag="082" ind1=" " ind2=" ">
    <subfield code="a">R036 E524</subfield>
  </datafield>
  <datafield tag="245" ind1="1" ind2="0">
    <subfield code="a">Enciclopedia Larousse</subfield>
  </datafield>
  <datafield tag="260" ind1=" " ind2=" ">
    <subfield code="a">Barcelona (Espa&#xF1;a), </subfield>
    <subfield code="c">Larousse, </subfield>
    <subfield code="c">planeta, </subfield>
    <subfield code="c">1999</subfield>
  </datafield>
  <datafield tag="300" ind1=" " ind2=" ">
    <subfield code="a">12 Vol. - Apendice</subfield>
  </datafield>
  <datafield tag="505" ind1=" " ind2=" ">
    <subfield code="a">APENDICE : Imagenes del a&#xF1;o - Panorama internacional - Econom&#xED;a - Cultura - Sociedad - Ciencia y tecnica - Medio ambiente - Deportes - Personajes del a&#xF1;o - Premios - Estadisticas - Paises del mundo VOL (1) : a/avergonzar VOL (2) : averia / castilla VOL (3) : castilla / David VOL (4) : David / estomocordado VOL (5) : Estonia / Guajira VOL (6) : Guajira / Johannes VOL (7) : Johannesbrugo / Marne VOL (8) : Marnia / O'Connor VOL (9) : Ocosingo / Prohibici&#xF3;n VOL (10) : Prohibicionismo / Schwarse VOL (11) : Schwarzenberg / Tortelier VOL (12) : Tortera / Zydeco</subfield>
  </datafield>
  <datafield tag="590" ind1=" " ind2=" ">
    <subfield code="a">Forma de adquisici&#xF3;n : Premio - Mincultura</subfield>
  </datafield>
  <datafield tag="650" ind1="1" ind2="4">
    <subfield code="a">ENCICLOPEDIAS Y DICCIONARIOS</subfield>
    <subfield code="9">4111</subfield>
  </datafield>
  <datafield tag="942" ind1=" " ind2=" ">
    <subfield code="2">ddc</subfield>
    <subfield code="c">BK</subfield>
  </datafield>
  <datafield tag="999" ind1=" " ind2=" ">
    <subfield code="c">11541</subfield>
    <subfield code="d">11541</subfield>
  </datafield>
</record>
